[Event "Quebec op"]
[Site "Montreal CAN"]
[Date "1997.08.01"]
[Round "8"]
[White "Luksza, Arkadiusz"]
[Black "Abreu Cordero, Jose"]
[Result "1-0"]
[WhiteElo "2106"]
[BlackElo "2007"]
[PlyCount "49"]
[GameId "2160767911932450"]
[EventDate "1997.07.26"]
[EventType "swiss"]
[EventRounds "9"]
[EventCountry "CAN"]
[SourceTitle "EXT 97"]
[Source "ChessBase"]
[SourceDate "1997.11.17"]
[SourceVersion "1"]
[SourceVersionDate "1997.11.17"]
[SourceQuality "1"]

1. d4 c6 2. g3 d5 3. Bg2 Nf6 4. Nf3 Bf5 5. O-O h6 6. c4 e6 7. Nc3 Be7 8. Qb3 b6 9. cxd5 exd5 10. Bf4 O-O 11. Rac1 Bd6 12. Ne5 g5 13. Bd2 Nfd7 14. Nxc6 Nxc6 15. Qxd5 Qf6 16. Qxc6 Qxd4 17. Be3 Qe5 18. Rfd1 Bc5 19. Bxc5 Nxc5 20. Qxh6 Be6 21. Nd5 f5 22. Qxg5+ Kh7 23. Nf4 Rae8 24. Qg6+ Kh8 25. Qxe8 1-0

[Event "Quebec op"]
[Site "Montreal CAN"]
[Date "1997.08.01"]
[Round "8"]
[White "McDonough, Jonathan"]
[Black "Cormos, Eugene"]
[Result "0-1"]
[WhiteElo "1898"]
[BlackElo "2083"]
[PlyCount "36"]
[GameId "2160767911932451"]
[EventDate "1997.07.26"]
[EventType "swiss"]
[EventRounds "9"]
[EventCountry "CAN"]
[SourceTitle "EXT 97"]
[Source "ChessBase"]
[SourceDate "1997.11.17"]
[SourceVersion "1"]
[SourceVersionDate "1997.11.17"]
[SourceQuality "1"]

1. d4 d5 2. c4 e6 3. Nf3 Nf6 4. g3 Nbd7 5. Nbd2 b6 6. cxd5 exd5 7. Qa4 Bd6 8. Bg2 O-O 9. O-O Bb7 10. b4 Qe7 11. Rb1 Qxe2 12. Re1 Qa6 13. Qc2 b5 14. Re3 Rfe8 15. Ra3 Qb6 16. Rc3 Ne4 17. Nxe4 dxe4 18. Bh3 exf3 0-1

[Event "Quebec op"]
[Site "Montreal CAN"]
[Date "1997.08.01"]
[Round "8"]
[White "Mikanovic, Goran"]
[Black "Leriche, Felix"]
[Result "1/2-1/2"]
[WhiteElo "2336"]
[BlackElo "2005"]
[PlyCount "69"]
[GameId "2160767911932452"]
[EventDate "1997.07.26"]
[EventType "swiss"]
[EventRounds "9"]
[EventCountry "CAN"]
[SourceTitle "EXT 97"]
[Source "ChessBase"]
[SourceDate "1997.11.17"]
[SourceVersion "1"]
[SourceVersionDate "1997.11.17"]
[SourceQuality "1"]

1. d4 d5 2. c4 e6 3. Nf3 c6 4. Qc2 Bd6 5. g3 b6 6. Bg2 Bb7 7. O-O Nd7 8. b3 Qe7 9. Nbd2 f5 10. Bb2 Ngf6 11. Ne5 Rc8 12. Ndf3 O-O 13. Nd3 a5 14. Nfe5 c5 15. Nxd7 Nxd7 16. cxd5 cxd4 17. Qd1 e5 18. f4 e4 19. Ne1 Nf6 20. Bxd4 Nxd5 21. Nc2 Rfd8 22. e3 Bc5 23. Qd2 Nb4 24. Nxb4 Bxd4 25. exd4 Qxb4 26. Rfd1 Qxd2 27. Rxd2 Ba6 28. Kf2 Kf7 29. g4 g6 30. Re1 Rc3 31. gxf5 gxf5 32. Re3 Bd3 33. Rh3 Kg6 34. Rg3+ Kf6 35. Rh3 1/2-1/2

[Event "Quebec op"]
[Site "Montreal CAN"]
[Date "1997.08.01"]
[Round "8"]
[White "Murey, Jacob"]
[Black "Reeve, Jeff"]
[Result "1-0"]
[WhiteElo "2440"]
[BlackElo "2180"]
[PlyCount "65"]
[GameId "2160767911932453"]
[EventDate "1997.07.26"]
[EventType "swiss"]
[EventRounds "9"]
[EventCountry "CAN"]
[SourceTitle "EXT 97"]
[Source "ChessBase"]
[SourceDate "1997.11.17"]
[SourceVersion "1"]
[SourceVersionDate "1997.11.17"]
[SourceQuality "1"]

1. e4 c5 2. Nf3 d6 3. d4 cxd4 4. Nxd4 Nf6 5. Nc3 g6 6. Be3 Bg7 7. f3 O-O 8. Qd2 Nc6 9. Bc4 Bd7 10. O-O-O Rc8 11. Bb3 Ne5 12. Kb1 Nc4 13. Bxc4 Rxc4 14. b3 Rc5 15. Ne6 fxe6 16. Bxc5 dxc5 17. e5 Qa5 18. exf6 Bxf6 19. Ne4 Qxd2 20. Rxd2 Bc6 21. Nxc5 Kf7 22. Rhd1 Rg8 23. Rd8 Rg7 24. Nd7 e5 25. Rf8+ Ke6 26. Nc5+ Kf5 27. g4+ Kf4 28. Ne6+ Kxf3 29. g5 Ke2 30. Kc1 Bxg5+ 31. Nxg5 a6 32. Rff1 Ke3 33. Ne6 1-0

[Event "Quebec op"]
[Site "Montreal CAN"]
[Date "1997.08.01"]
[Round "8"]
[White "Oparic, Ivan"]
[Black "Roy, Alain"]
[Result "1/2-1/2"]
[WhiteElo "2038"]
[BlackElo "2162"]
[PlyCount "71"]
[GameId "2160767911932454"]
[EventDate "1997.07.26"]
[EventType "swiss"]
[EventRounds "9"]
[EventCountry "CAN"]
[SourceTitle "EXT 97"]
[Source "ChessBase"]
[SourceDate "1997.11.17"]
[SourceVersion "1"]
[SourceVersionDate "1997.11.17"]
[SourceQuality "1"]

1. d4 Nf6 2. Nf3 g6 3. g3 Bg7 4. Bg2 O-O 5. O-O d6 6. Nc3 Nbd7 7. d5 a5 8. h3 Nc5 9. Nd4 e5 10. dxe6 fxe6 11. e4 Ne8 12. Be3 Qe7 13. Qd2 c6 14. Rad1 e5 15. Nb3 Nd7 16. a4 Kh8 17. Ne2 b6 18. c4 Ba6 19. Qd3 Qe6 20. Rc1 Nc5 21. Nxc5 bxc5 22. Rfd1 Rf7 23. b3 Bc8 24. Qd2 Qe7 25. Rc3 Rb8 26. Rd3 Rb4 27. Nc1 Qc7 28. Na2 Rb8 29. Nc1 Bf8 30. Qe1 Be6 31. Kh2 Ra8 32. Qd2 Be7 33. Rf1 Bf6 34. Ne2 Bg7 35. Rd1 Rb8 36. Nc1 1/2-1/2

[Event "Quebec op"]
[Site "Montreal CAN"]
[Date "1997.08.01"]
[Round "8"]
[White "Pineault, Denis"]
[Black "Delisle, Claude"]
[Result "1-0"]
[WhiteElo "2179"]
[BlackElo "1926"]
[PlyCount "95"]
[GameId "2160767911932455"]
[EventDate "1997.07.26"]
[EventType "swiss"]
[EventRounds "9"]
[EventCountry "CAN"]
[SourceTitle "EXT 97"]
[Source "ChessBase"]
[SourceDate "1997.11.17"]
[SourceVersion "1"]
[SourceVersionDate "1997.11.17"]
[SourceQuality "1"]

1. e4 e6 2. d4 d5 3. Nc3 Bb4 4. e5 c5 5. a3 Bxc3+ 6. bxc3 Ne7 7. Qg4 Qc7 8. Qxg7 Rg8 9. Qxh7 cxd4 10. Ne2 Nbc6 11. f4 Bd7 12. Qd3 dxc3 13. Qxc3 O-O-O 14. Rb1 Nf5 15. g3 d4 16. Qc5 Nce7 17. Qxa7 Bc6 18. Rg1 Be4 19. Bd2 Bxc2 20. Ba5 Nc6 21. Qa8+ Qb8 22. Qxb8+ Kxb8 23. Bxd8 Rxd8 24. Rb2 d3 25. Bg2 d2+ 26. Kf2 d1=Q 27. Rxd1 Bxd1 28. Bxc6 Bxe2 29. Bxb7 Bd3 30. g4 Nh4 31. Kg3 Ng6 32. Be4+ Kc8 33. Bb7+ Kc7 34. Bf3 Ba6 35. h4 Rd4 36. Rb4 Rxb4 37. axb4 Bd3 38. h5 Nf8 39. Kf2 Kb6 40. Ke3 Bh7 41. Be4 Bg8 42. Bd3 Nd7 43. g5 Nf8 44. Kf3 Kc6 45. b5+ Kc5 46. Kg4 Kd4 47. b6 Nd7 48. b7 1-0

[Event "Quebec op"]
[Site "Montreal CAN"]
[Date "1997.08.01"]
[Round "8"]
[White "Prahov, Valentin"]
[Black "Leger, Manon"]
[Result "1-0"]
[WhiteElo "2200"]
[BlackElo "1865"]
[PlyCount "37"]
[GameId "2160767911932456"]
[EventDate "1997.07.26"]
[EventType "swiss"]
[EventRounds "9"]
[EventCountry "CAN"]
[SourceTitle "EXT 97"]
[Source "ChessBase"]
[SourceDate "1997.11.17"]
[SourceVersion "1"]
[SourceVersionDate "1997.11.17"]
[SourceQuality "1"]

1. e4 e5 2. Nf3 Nf6 3. d4 Nxe4 4. Bd3 d5 5. Nxe5 Nd7 6. Nxd7 Bxd7 7. O-O Qh4 8. g3 Qh3 9. Nc3 Nf6 10. Re1+ Be6 11. Qf3 O-O-O 12. Bf4 h5 13. Nb5 a6 14. Bf1 Qg4 15. Qc3 c6 16. Qa5 Qxf4 17. Na7+ Kd7 18. gxf4 Bd6 19. Qb6 1-0

[Event "Quebec op"]
[Site "Montreal CAN"]
[Date "1997.08.01"]
[Round "8"]
[White "Rousseau, Daniel"]
[Black "Grondin, Jean-Philippe"]
[Result "1-0"]
[WhiteElo "1967"]
[BlackElo "2093"]
[PlyCount "60"]
[GameId "2160767911932457"]
[EventDate "1997.07.26"]
[EventType "swiss"]
[EventRounds "9"]
[EventCountry "CAN"]
[SourceTitle "EXT 97"]
[Source "ChessBase"]
[SourceDate "1997.11.17"]
[SourceVersion "1"]
[SourceVersionDate "1997.11.17"]
[SourceQuality "1"]

1. e4 e5 2. Nf3 Nc6 3. Bb5 Nf6 4. O-O d6 5. d4 Bd7 6. Re1 Be7 7. c3 O-O 8. Nbd2 Nxd4 9. cxd4 Bxb5 10. dxe5 dxe5 11. Nxe5 Nd7 12. Nef3 Re8 13. Nd4 Ba6 14. Nf5 Bf6 15. f4 Nc5 16. e5 Nd3 17. Re3 Be7 18. Qg4 g6 19. Nxe7+ Rxe7 20. Ne4 Qd4 21. Qh4 h5 22. f5 Rd8 23. Bd2 Rxe5 24. fxg6 Rf5 25. Qg3 f6 26. Bc3 Qb6 27. Kh1 Rd7 28. Rf3 Rxf3 29. Qxf3 Rd6 30. Qxh5 Bc4 1-0

[Event "Quebec op"]
[Site "Montreal CAN"]
[Date "1997.08.02"]
[Round "9"]
[White "Desjardins, Andre"]
[Black "Pineault, Denis"]
[Result "0-1"]
[WhiteElo "2055"]
[BlackElo "2179"]
[PlyCount "55"]
[GameId "2160767911932459"]
[EventDate "1997.07.26"]
[EventType "swiss"]
[EventRounds "9"]
[EventCountry "CAN"]
[SourceTitle "EXT 97"]
[Source "ChessBase"]
[SourceDate "1997.11.17"]
[SourceVersion "1"]
[SourceVersionDate "1997.11.17"]
[SourceQuality "1"]

1. e4 c5 2. Nf3 Nc6 3. d4 cxd4 4. Nxd4 e5 5. Nb5 d6 6. N1c3 a6 7. Na3 b5 8. Nd5 Nge7 9. Bg5 h6 10. Bxb5 axb5 11. Nxb5 Ra7 12. Ndc7+ Rxc7 13. Nxd6+ Qxd6 14. Qxd6 Rd7 15. Qc5 hxg5 16. O-O Rh6 17. Rfd1 Rb7 18. b3 Nf5 19. Qc4 Rb4 20. Qe2 Nd6 21. f3 Nb5 22. Qe3 Ncd4 23. c3 Nxc3 24. Qxg5 Nxd1 25. Qxe5+ Re6 26. Qc7 Rc6 27. Qe5+ Be6 28. Rxd1 0-1

[Event "Quebec op"]
[Site "Montreal CAN"]
[Date "1997.08.02"]
[Round "9"]
[White "Groleau, Gilles"]
[Black "Cormos, Eugene"]
[Result "0-1"]
[WhiteElo "1995"]
[BlackElo "2083"]
[PlyCount "84"]
[GameId "2160767911932462"]
[EventDate "1997.07.26"]
[EventType "swiss"]
[EventRounds "9"]
[EventCountry "CAN"]
[SourceTitle "EXT 97"]
[Source "ChessBase"]
[SourceDate "1997.11.17"]
[SourceVersion "1"]
[SourceVersionDate "1997.11.17"]
[SourceQuality "1"]

1. e4 e5 2. Nf3 Nc6 3. Bb5 a6 4. Ba4 Nf6 5. Qe2 b5 6. Bb3 Bc5 7. a4 Rb8 8. axb5 axb5 9. Nc3 O-O 10. O-O b4 11. Nd5 d6 12. h3 Nxd5 13. Bxd5 Ne7 14. Bb3 Ng6 15. d3 h6 16. Be3 Bxe3 17. fxe3 Kh7 18. Nh2 Qg5 19. Bxf7 Bxh3 20. Nf3 Qg3 21. Bxg6+ Qxg6 22. Ra7 c5 23. Nh2 Rxf1+ 24. Qxf1 Kg8 25. b3 Rf8 26. Qe2 Qg3 27. Nf1 Qg5 28. Nh2 c4 29. bxc4 Bxg2 30. Rxg7+ Kxg7 31. Qxg2 Ra8 32. Qxg5+ hxg5 33. Nf3 Ra1+ 34. Kf2 Rc1 35. Ne1 g4 36. Ke2 g3 37. Kd2 Ra1 38. Ke2 Ra2 39. Kf3 g2 40. Nxg2 Rxc2 41. d4 b3 42. Ne1 Rd2 0-1

[Event "Quebec op"]
[Site "Montreal CAN"]
[Date "1997.08.02"]
[Round "9"]
[White "Grondin, Jean-Philippe"]
[Black "Delisle, Claude"]
[Result "1-0"]
[WhiteElo "2093"]
[BlackElo "1926"]
[PlyCount "37"]
[GameId "2160767911932463"]
[EventDate "1997.07.26"]
[EventType "swiss"]
[EventRounds "9"]
[EventCountry "CAN"]
[SourceTitle "EXT 97"]
[Source "ChessBase"]
[SourceDate "1997.11.17"]
[SourceVersion "1"]
[SourceVersionDate "1997.11.17"]
[SourceQuality "1"]

1. e4 e6 2. d4 d5 3. Nc3 Nf6 4. e5 Nfd7 5. f4 c5 6. dxc5 Bxc5 7. Qg4 O-O 8. Nf3 Nc6 9. Bd3 f5 10. Qh3 h6 11. g4 d4 12. Ne2 fxg4 13. Qxg4 Nb6 14. Qg6 Ne7 15. Qh7+ Kf7 16. Rg1 Rg8 17. f5 exf5 18. Bxh6 Qf8 19. Nf4 1-0

[Event "Quebec op"]
[Site "Montreal CAN"]
[Date "1997.08.02"]
[Round "9"]
[White "Hua, Lefong"]
[Black "Clement, Michel"]
[Result "1/2-1/2"]
[WhiteElo "2211"]
[BlackElo "1997"]
[PlyCount "42"]
[GameId "2160767911932466"]
[EventDate "1997.07.26"]
[EventType "swiss"]
[EventRounds "9"]
[EventCountry "CAN"]
[SourceTitle "EXT 97"]
[Source "ChessBase"]
[SourceDate "1997.11.17"]
[SourceVersion "1"]
[SourceVersionDate "1997.11.17"]
[SourceQuality "1"]

1. d4 f5 2. Nc3 Nf6 3. Bg5 e6 4. e4 fxe4 5. Bxf6 Qxf6 6. Nxe4 Qf4 7. Bd3 Be7 8. Nh3 Qh6 9. Qg4 Nc6 10. c3 d5 11. Ng3 O-O 12. Qe2 e5 13. dxe5 Bxh3 14. gxh3 Bc5 15. O-O Rae8 16. Bb5 Rxe5 17. Qg4 Rg5 18. Qd7 Qf6 19. Be2 Bb6 20. h4 Re5 21. Qg4 Qf4 1/2-1/2

[Event "Quebec op"]
[Site "Montreal CAN"]
[Date "1997.08.02"]
[Round "9"]
[White "Laurain, Guy"]
[Black "Gagnon, Michel"]
[Result "0-1"]
[WhiteElo "2138"]
[BlackElo "2059"]
[PlyCount "99"]
[GameId "2160767911932467"]
[EventDate "1997.07.26"]
[EventType "swiss"]
[EventRounds "9"]
[EventCountry "CAN"]
[SourceTitle "EXT 97"]
[Source "ChessBase"]
[SourceDate "1997.11.17"]
[SourceVersion "1"]
[SourceVersionDate "1997.11.17"]
[SourceQuality "1"]

1. e4 c5 2. Nf3 d6 3. d4 cxd4 4. Nxd4 Nf6 5. Nc3 a6 6. Be2 e6 7. O-O Qc7 8. f4 Nbd7 9. Kh1 Be7 10. Be3 O-O 11. Bf3 Re8 12. Qe1 Nb6 13. b3 Bd7 14. a4 e5 15. Nde2 Bc6 16. Qg3 Nbd7 17. Rad1 b5 18. axb5 axb5 19. Rd2 b4 20. fxe5 bxc3 21. exf6 Nxf6 22. Nxc3 Bf8 23. Qf4 Qb7 24. Nd5 Bxd5 25. exd5 Nd7 26. Bd4 Ne5 27. Rdf2 g6 28. Bd1 f5 29. c4 Nd3 30. Qd2 Nxf2+ 31. Qxf2 Bg7 32. c5 Qxd5 33. Bxg7 Kxg7 34. Bf3 Qxc5 35. Qxc5 dxc5 36. Bxa8 Rxa8 37. Kg1 Kf6 38. Rc1 Rc8 39. b4 c4 40. b5 Ke6 41. Kf2 Kd5 42. Ke2 c3 43. b6 Rb8 44. Rd1+ Kc4 45. Rd6 Kb3 46. Rc6 Kb2 47. Kd3 Rd8+ 48. Ke2 c2 49. b7 c1=Q 50. Rb6+ 0-1

[Event "Quebec op"]
[Site "Montreal CAN"]
[Date "1997.08.02"]
[Round "9"]
[White "Leger, Manon"]
[Black "Roy, Alain"]
[Result "1/2-1/2"]
[WhiteElo "1865"]
[BlackElo "2162"]
[PlyCount "70"]
[GameId "2160767911932468"]
[EventDate "1997.07.26"]
[EventType "swiss"]
[EventRounds "9"]
[EventCountry "CAN"]
[SourceTitle "EXT 97"]
[Source "ChessBase"]
[SourceDate "1997.11.17"]
[SourceVersion "1"]
[SourceVersionDate "1997.11.17"]
[SourceQuality "1"]

1. e4 g6 2. g3 Bg7 3. Bg2 d6 4. Ne2 c5 5. O-O Nc6 6. d3 e6 7. c3 Nge7 8. Be3 O-O 9. Qd2 b6 10. Na3 Bb7 11. Rad1 d5 12. exd5 Nxd5 13. Bg5 Bf6 14. Bxf6 Qxf6 15. d4 Rfd8 16. c4 Ndb4 17. d5 exd5 18. cxd5 Na5 19. Nc3 a6 20. Rfe1 Rd7 21. Ne4 Qg7 22. Qf4 f5 23. Nc3 Rad8 24. Nc4 Nxc4 25. Qxc4 Qf7 26. a3 Nxd5 27. Nxd5 Bxd5 28. Bxd5 Rxd5 29. Rxd5 Qxd5 30. Qxa6 Qd6 31. Qc4+ Qd5 32. Qxd5+ Rxd5 33. Re6 b5 34. Rb6 c4 35. Rb7 Rc5 1/2-1/2

[Event "Quebec op"]
[Site "Montreal CAN"]
[Date "1997.08.02"]
[Round "9"]
[White "Mikanovic, Goran"]
[Black "Ibrahim, Anthony"]
[Result "1-0"]
[WhiteElo "2336"]
[BlackElo "2063"]
[PlyCount "105"]
[GameId "2160767911932471"]
[EventDate "1997.07.26"]
[EventType "swiss"]
[EventRounds "9"]
[EventCountry "CAN"]
[SourceTitle "EXT 97"]
[Source "ChessBase"]
[SourceDate "1997.11.17"]
[SourceVersion "1"]
[SourceVersionDate "1997.11.17"]
[SourceQuality "1"]

1. d4 Nf6 2. Nf3 g6 3. c4 Bg7 4. Nc3 O-O 5. e4 d6 6. Be2 e5 7. O-O Nc6 8. d5 Ne7 9. b4 Nh5 10. Re1 f5 11. Ng5 Nf4 12. Bxf4 exf4 13. Rc1 h6 14. Ne6 Bxe6 15. dxe6 fxe4 16. Nxe4 Nc6 17. Bf1 Qe7 18. b5 Nd4 19. Nc3 c6 20. bxc6 bxc6 21. Re4 Qf6 22. Ne2 Nxe2+ 23. Bxe2 Qe7 24. Bf3 Rac8 25. Re2 Rf6 26. Rb1 h5 27. Qa4 Rxe6 28. Rxe6 Qxe6 29. Bxc6 Kh8 30. Bd5 Qe7 31. Qc2 Qg5 32. Qe4 Be5 33. h4 Qf5 34. Qxf5 gxf5 35. Rb7 a5 36. Kf1 Rf8 37. Ke2 Bd4 38. Kf3 Be5 39. a4 Rc8 40. Rf7 Rb8 41. Rxf5 Rb3+ 42. Ke4 Rb4 43. Rf7 Rb8 44. Kf5 Rg8 45. c5 f3 46. Bxf3 Rc8 47. c6 Bd4 48. Kg6 Rg8+ 49. Kxh5 Bb6 50. Bg4 Rg7 51. Rf8+ Rg8 52. Rxg8+ Kxg8 53. Kg6 1-0

[Event "Quebec op"]
[Site "Montreal CAN"]
[Date "1997.08.02"]
[Round "9"]
[White "Nogueiras, Jesus"]
[Black "Levtchouk, George"]
[Result "1-0"]
[WhiteElo "2535"]
[BlackElo "2348"]
[PlyCount "117"]
[GameId "2160767911932472"]
[EventDate "1997.07.26"]
[EventType "swiss"]
[EventRounds "9"]
[EventCountry "CAN"]
[SourceTitle "EXT 97"]
[Source "ChessBase"]
[SourceDate "1997.11.17"]
[SourceVersion "1"]
[SourceVersionDate "1997.11.17"]
[SourceQuality "1"]

1. c4 g6 2. Nc3 Bg7 3. g3 d6 4. Bg2 Nf6 5. d4 O-O 6. Nf3 Nc6 7. O-O a6 8. Re1 Rb8 9. Rb1 b5 10. cxb5 axb5 11. b4 e6 12. e4 Ne7 13. Nd2 Nd7 14. Nb3 c6 15. Bg5 h6 16. Bxe7 Qxe7 17. Na5 Bb7 18. e5 d5 19. a4 bxa4 20. Nxa4 Ba8 21. Qd2 f5 22. exf6 Qxf6 23. Bh3 Rbe8 24. Rbd1 Rf7 25. Re3 Kh7 26. Qe2 Rfe7 27. f4 Qf7 28. Nb3 Bb7 29. Re1 Nf8 30. Nac5 Bc8 31. Bg4 Bf6 32. Qd2 Qg7 33. Qc3 g5 34. fxg5 Bxg5 35. R3e2 Kh8 36. Bh5 Rd8 37. Rf2 Nh7 38. Nd3 Bf6 39. Bf3 Bd7 40. Nf4 Ng5 41. Bg2 Be8 42. Rfe2 Ne4 43. Bxe4 e5 44. Ng6+ Bxg6 45. Bxg6 Qxg6 46. dxe5 Bg7 47. Nd4 Rc8 48. Kg2 Rcc7 49. Nf3 Re6 50. Nh4 Qg5 51. Rf2 Rce7 52. Rf5 Qg4 53. Rf4 Qh5 54. Nf5 Rxe5 55. Nxe7 Re2+ 56. Rxe2 Bxc3 57. Re6 Bg7 58. g4 Qg5 59. h4 1-0

[Event "Quebec op"]
[Site "Montreal CAN"]
[Date "1997.08.02"]
[Round "9"]
[White "Pnevmonidis, Pantelis"]
[Black "Goldenberg, Danny"]
[Result "1/2-1/2"]
[WhiteElo "1991"]
[BlackElo "2272"]
[PlyCount "84"]
[GameId "2160767911932473"]
[EventDate "1997.07.26"]
[EventType "swiss"]
[EventRounds "9"]
[EventCountry "CAN"]
[SourceTitle "EXT 97"]
[Source "ChessBase"]
[SourceDate "1997.11.17"]
[SourceVersion "1"]
[SourceVersionDate "1997.11.17"]
[SourceQuality "1"]

1. Nf3 Nf6 2. g3 g6 3. Bg2 Bg7 4. O-O O-O 5. c4 d6 6. d4 Nc6 7. Nc3 a6 8. a3 Rb8 9. b4 b5 10. d5 Na7 11. Bb2 Ne8 12. cxb5 Nxb5 13. Qd2 Nxc3 14. Bxc3 e5 15. dxe6 fxe6 16. Rac1 Bd7 17. Bxg7 Kxg7 18. Nd4 Qf6 19. Rc3 Qf7 20. Bc6 Bxc6 21. Nxc6 Rb5 22. Rf3 Rf5 23. Qd4+ e5 24. Rxf5 Qxf5 25. Qc4 Nf6 26. f3 Qh3 27. Ne7 e4 28. e3 Rf7 29. Nd5 Nxd5 30. Qxd5 exf3 31. Rxf3 Rxf3 32. Qxf3 Qe6 33. e4 Qe5 34. Qd3 a5 35. Qc4 axb4 36. Qxc7+ Kh6 37. axb4 Qd4+ 38. Kf1 Qxb4 39. Qe7 Qc4+ 40. Kf2 Qc2+ 41. Kf3 Qd3+ 42. Kf2 Qd2+ 1/2-1/2

[Event "Quebec op"]
[Site "Montreal CAN"]
[Date "1997.08.02"]
[Round "9"]
[White "Prahov, Valentin"]
[Black "Castaneda, Nelson"]
[Result "1/2-1/2"]
[WhiteElo "2200"]
[BlackElo "2310"]
[PlyCount "158"]
[GameId "2160767911932474"]
[EventDate "1997.07.26"]
[EventType "swiss"]
[EventRounds "9"]
[EventCountry "CAN"]
[SourceTitle "EXT 97"]
[Source "ChessBase"]
[SourceDate "1997.11.17"]
[SourceVersion "1"]
[SourceVersionDate "1997.11.17"]
[SourceQuality "1"]

1. e4 c5 2. Nf3 Nc6 3. d4 cxd4 4. Nxd4 Nf6 5. Nc3 d6 6. Be2 e6 7. Be3 Be7 8. O-O O-O 9. f4 a6 10. Qe1 Qc7 11. Qg3 Kh8 12. Rae1 Bd7 13. Bd3 g6 14. Nxc6 bxc6 15. e5 Nh5 16. Qf2 d5 17. Bc5 Bxc5 18. Qxc5 a5 19. Na4 Qa7 20. g3 Rfb8 21. b3 Ng7 22. Qxa7 Rxa7 23. Nc5 Ne8 24. Kf2 Bc8 25. g4 Rb4 26. Ke3 g5 27. fxg5 Rxg4 28. Rg1 Rh4 29. Kf3 h6 30. Re2 hxg5 31. Rxg5 f6 32. exf6 Rf7 33. Kg3 Rh6 34. Bg6 Rf8 35. f7 Nd6 36. Rf2 Kg7 37. Bh5+ Kh7 38. h3 Nf5+ 39. Kh2 Rf6 40. Nd3 Rh6 41. Rfg2 Ne7 42. Ne5 Rf6 43. Be2 Nf5 44. Rg8 R6xf7 45. Rxf8 Rxf8 46. Nxc6 Kh6 47. Rf2 Rg8 48. Bd3 Nh4 49. Ne7 Re8 50. Nxc8 Rxc8 51. Rf6+ Kg5 52. Rxe6 Rg8 53. Kg3 d4 54. Ra6 Nf5+ 55. Kf3 Nh4+ 56. Ke4 Re8+ 57. Kxd4 Nf3+ 58. Kc3 Rc8+ 59. Bc4 Rc5 60. a4 Kf4 61. Rb6 Rc7 62. Rb5 Ra7 63. b4 axb4+ 64. Kxb4 Nd4 65. Rc5 Nxc2+ 66. Kc3 Ne3 67. a5 Rb7 68. Be6 Re7 69. Bc8 Ke4 70. Kb4 Nd5+ 71. Kb5 Kd4 72. Rc4+ Ke5 73. a6 Rc7 74. Bb7 Nc3+ 75. Kb4 Na2+ 76. Ka5 Rxc4 77. a7 Nc3 78. Bc6 Nd5 79. a8=Q Rc5+ 1/2-1/2

[Event "Quebec op"]
[Site "Montreal CAN"]
[Date "1997.08.02"]
[Round "9"]
[White "Reeve, Jeff"]
[Black "Luksza, Arkadiusz"]
[Result "1-0"]
[WhiteElo "2180"]
[BlackElo "2106"]
[PlyCount "63"]
[GameId "2160767911932475"]
[EventDate "1997.07.26"]
[EventType "swiss"]
[EventRounds "9"]
[EventCountry "CAN"]
[SourceTitle "EXT 97"]
[Source "ChessBase"]
[SourceDate "1997.11.17"]
[SourceVersion "1"]
[SourceVersionDate "1997.11.17"]
[SourceQuality "1"]

1. e4 Nf6 2. e5 Nd5 3. d4 d6 4. Nf3 dxe5 5. Nxe5 g6 6. c4 Nb6 7. Nc3 Bg7 8. Bf4 O-O 9. Be2 c5 10. dxc5 N6d7 11. Nxd7 Nxd7 12. Na4 Qa5+ 13. Bd2 Qc7 14. Rc1 Rd8 15. O-O Ne5 16. Qe1 Qd7 17. b3 Qf5 18. Nc3 Be6 19. Be3 Nd3 20. Bxd3 Rxd3 21. Ne2 g5 22. Ng3 Qg6 23. Qe2 Rad8 24. Rfd1 h6 25. h3 Be5 26. Rxd3 Qxd3 27. Qe1 Bb2 28. Rb1 Bc3 29. Qc1 f5 30. Bxg5 hxg5 31. Qxg5+ Kf7 32. Nh5 1-0

[Event "Quebec op"]
[Site "Montreal CAN"]
[Date "1997.08.02"]
[Round "9"]
[White "Vera, Reynaldo"]
[Black "Leveille, Francois"]
[Result "1-0"]
[WhiteElo "2530"]
[BlackElo "2326"]
[PlyCount "51"]
[GameId "2160767911932476"]
[EventDate "1997.07.26"]
[EventType "swiss"]
[EventRounds "9"]
[EventCountry "CAN"]
[SourceTitle "EXT 97"]
[Source "ChessBase"]
[SourceDate "1997.11.17"]
[SourceVersion "1"]
[SourceVersionDate "1997.11.17"]
[SourceQuality "1"]

1. d4 d5 2. c4 e6 3. Nc3 Nf6 4. cxd5 exd5 5. Bg5 Be7 6. e3 c6 7. Qc2 g6 8. Bd3 Nbd7 9. Nge2 Nf8 10. f3 Nh5 11. Bxe7 Qxe7 12. e4 Ne6 13. O-O Nef4 14. Nxf4 Nxf4 15. Rae1 O-O 16. Qd2 Nxd3 17. Qxd3 Qb4 18. exd5 Qxb2 19. Ne4 cxd5 20. Nf6+ Kg7 21. Qe3 Be6 22. Qe5 Rfd8 23. Nh5+ Kf8 24. Qg7+ Ke7 25. Nf4 Rd6 26. Nxe6 1-0

[Event "Quebec op"]
[Site "Montreal CAN"]
[Date "1997.08.02"]
[Round "9"]
[White "Wenaas, Eric"]
[Black "Rousseau, Daniel"]
[Result "1-0"]
[WhiteElo "2133"]
[BlackElo "1967"]
[PlyCount "113"]
[GameId "2160767911932477"]
[EventDate "1997.07.26"]
[EventType "swiss"]
[EventRounds "9"]
[EventCountry "CAN"]
[SourceTitle "EXT 97"]
[Source "ChessBase"]
[SourceDate "1997.11.17"]
[SourceVersion "1"]
[SourceVersionDate "1997.11.17"]
[SourceQuality "1"]

1. c4 Nf6 2. Nf3 g6 3. Nc3 Bg7 4. g3 O-O 5. Bg2 d6 6. O-O e5 7. d3 Nc6 8. Rb1 Bd7 9. b4 a6 10. a4 h6 11. b5 axb5 12. axb5 Na5 13. Bd2 c6 14. c5 e4 15. dxe4 dxc5 16. Be3 Ng4 17. Bxc5 Bxc3 18. Bxf8 Kxf8 19. Qc1 Bg7 20. h3 Nf6 21. e5 Ne4 22. Rd1 Qe7 23. Nd2 Ng5 24. bxc6 Bxc6 25. Bxc6 Nxc6 26. h4 Ne6 27. Nf3 Nxe5 28. Nxe5 Bxe5 29. Qxh6+ Bg7 30. Qd2 Nd4 31. Qb4 Qxb4 32. Rxb4 Nxe2+ 33. Kf1 Nc3 34. Rd7 b5 35. Rf4 f5 36. h5 Ra1+ 37. Kg2 Be5 38. Rf3 Ne2 39. hxg6 Nd4 40. Rd3 Ra4 41. Rf7+ Kg8 42. Re3 Ra6 43. Rxe5 Rxg6 44. Rd7 Re6 45. Rxe6 Nxe6 46. Rd5 b4 47. Rb5 f4 48. Rxb4 fxg3 49. Kxg3 Kf7 50. Kg4 Kf6 51. Rb6 Ke5 52. Rxe6+ Kxe6 53. Kg5 Ke7 54. Kg6 Ke6 55. f4 Ke7 56. f5 Kf8 57. Kf6 1-0

[Event "Quebec op U1700"]
[Site "Montreal CAN"]
[Date "1997.07.27"]
[Round "2"]
[White "Daniel, Robert"]
[Black "Paradis, Francine"]
[Result "1-0"]
[WhiteElo "1571"]
[BlackElo "1395"]
[PlyCount "45"]
[GameId "2160767911932478"]
[EventDate "1997.07.26"]
[EventType "swiss"]
[EventRounds "9"]
[EventCountry "CAN"]
[SourceTitle "Echec+ 1998.01"]

1. e4 c5 2. Nf3 d6 3. d4 cxd4 4. c3 Nc6 5. cxd4 e6 6. Nc3 Nf6 7. Be2 Be7 8. O-O O-O 9. Be3 h6 10. Qd2 Ng4 11. Rac1 Nxe3 12. fxe3 f5 13. exf5 Rxf5 14. Bd3 Rf6 15. Bb1 e5 16. Nd5 Rf8 17. Nh4 Bxh4 18. Qd3 Bf6 19. Qh7+ Kf7 20. Rxf6+ Qxf6 21. Nxf6 Kxf6 22. Rf1+ Ke7 23. Qxg7+ 1-0